Sueño de fuga (Registro nro. 50345)

Detalles MARC
000 -ENCABEZADO
Número de control [NR] 02175nam a2200373Ia 4500
005 - FECHA Y HORA DE LA ÚLTIMA TRANSACCIÓN
control field 20150410110403.0
008 - DE LONGITUD FIJA DE DATOS DE ELEMENTOS - INFORMACIÓN GENERAL
Elementos de longitud fija [NR] 130821s1994 xx a gs mul
040 ## - FUENTE DE CATALOGACION [NR]
Agencia de catalogación original [NR] Co-BoUCM
Idioma de catalogación [NR] spa
Quien Cataloga Aldrin Díaz (modificó)
Quien Clasifica [Nuevo]
041 00 - CODIGO DE IDIOMA [R]
Código de idioma para texto/pista de sonido o título separado [R] Español
-- Inglés
-- Portugués
-- Francés
092 ## - SIGNATURA TOPOGRAFICA LOCAL
Número de clasificación local DVD 0120
245 10 - MENCION DE TITULO [NR]
Título [NR] Sueño de fuga
Mención de responsabilidad, etc. [NR] Director Frank Darabont
Medio físico [NR] [DVD]
246 ## - FORMA VARIANTE DEL TITULO [R]
Título propiamente dicho/forma breve del título [NR] Sueños de liberta
260 ## - PUBLICACION, DISTRIBUCION, ETC. (PIE DE IMPRENTA) [R]
Lugar de publicación, distribución, etc. [R] [Lugar desconocido]
Nombre del editor, distribuidor, etc. [R] Castle Rock Entertainment
Fecha de publicación, distribución, etc. [R] 1994
300 ## - DESCRIPCION FISICA [R]
Extensión [R] 1 DVD (142 minutos)
Otros detalles físicos [NR] Imagen, sonido, color
505 ## - NOTA DE CONTENIDO CON FORMATO PREESTABLECIDO [R]
Nota de contenido con formato preestablecido [NR] SINOPSIS : Acusado del asesinato de su mujer, Andrew Dufresne (Tim Robbins) es enviado a la prisión de Shawshank para ser encerrado de por vida. Con el paso de los años conseguirá ganarse la confianza del director del centro y el respeto de sus compañeros presidiarios, especialmente de Red (Morgan Freeman), el jefe de la mafia de los sobornos.
508 ## - NOTA DE CREDITOS DE CREACION/PRODUCCION [R]
Nota de créditos de creación/producción [NR] CREDITOS : Director, Frank Darabont; Guión, Stephen King, Productor Ejecutivo, David V. Lester, Niki Marvin; Productor, Richard Francis-Bruce; Editor, Thomas Newman.
511 ## - NOTA DE PARTICIPANTE O INTERPRETE [R]
Nota de participante o intérprete [NR] Tim Robbins, Morgan Freeman, Bob Gunton, James Whitmore, Gil Bellows, William Sadler, Mark Rolston, Clancy Brown.
520 ## - NOTA DE RESUMEN, ETC. [R]
Nota de sumario, etc. [NR] Basada en la novela "Rita Hayworth y la redención de Shawshank" de Stephen King.
546 ## - NOTA DE IDIOMA [R]
Nota de idioma [NR] Audio en Inglés. Subtítulos en Inglés, Español y Portugués.
630 0# - ASIENTO SECUNDARIO DE MATERIA - TITULO UNIFORME [R]
Título uniforme [NR] Rita Hayworth y la redención de Shawshank
Subdivisión de forma [R] Versiones cinematográficas
-- DVD
9 (RLIN) 4877
650 04 - ASIENTO SECUNDARIO DE MATERIA - TERMINO TEMATICO [R]
Término temático o nombre geográfico como elemento de entrada [NR] Entretenimiento
9 (RLIN) 26487
650 04 - ASIENTO SECUNDARIO DE MATERIA - TERMINO TEMATICO [R]
Término temático o nombre geográfico como elemento de entrada [NR] Literatura estadounidense
9 (RLIN) 18653
650 04 - ASIENTO SECUNDARIO DE MATERIA - TERMINO TEMATICO [R]
Término temático o nombre geográfico como elemento de entrada [NR] Novela estadounidense
Subdivisión de forma [R] Versiones cinematográficas
-- DVD
9 (RLIN) 20501
650 04 - ASIENTO SECUNDARIO DE MATERIA - TERMINO TEMATICO [R]
Término temático o nombre geográfico como elemento de entrada [NR] Películas cinematográficas
Subdivisión de forma [R] DVD
9 (RLIN) 7903
650 04 - ASIENTO SECUNDARIO DE MATERIA - TERMINO TEMATICO [R]
Término temático o nombre geográfico como elemento de entrada [NR] Presos en el cine
Subdivisión de forma [R] DVD
9 (RLIN) 22240
650 04 - ASIENTO SECUNDARIO DE MATERIA - TERMINO TEMATICO [R]
Término temático o nombre geográfico como elemento de entrada [NR] Sociología
9 (RLIN) 24766
700 ## - ASIENTO SECUNDARIO - NOMBRE PERSONAL [R]
Nombre personal [NR] Darabont, Frank
9 (RLIN) 68297
700 1# - ASIENTO SECUNDARIO - NOMBRE PERSONAL [R]
Nombre personal [NR] King, Stephen Edwin
Fechas asociadas con el nombre [NR] 1947-
9 (RLIN) 68298
710 ## - ASIENTO SECUNDARIO - NOMBRE CORPORATIVO [R]
Nombre corporativo o de jurisdicción como elemento de entrada [NR] Castle Rock Entertainment
9 (RLIN) 60264
710 ## - ASIENTO SECUNDARIO - NOMBRE CORPORATIVO [R]
Nombre corporativo o de jurisdicción como elemento de entrada [NR] Warner Home Video
9 (RLIN) 50849
765 #4 - ASIENTO DE IDIOMA ORIGINAL [R]
Asiento principal [NR] The shawshank redemption
856 04 - LOCALIZACION Y ACCESO ELECTRONICOS [R]
Identificador Uniforme del Recurso (“URI”) [R] <a href="https://www.youtube.com/watch?v=ldiSyzDVbEY">https://www.youtube.com/watch?v=ldiSyzDVbEY</a>
Nota dirigida al público [R] Siga este vínculo para ver el trailer.
-- Trailer tomado del canal Cristhian Bourlot vía YouTube.com
942 ## - ELEMENTOS DE ENTRADA AGREGADOS (KOHA)
Koha item type Multimedia
Source of classification or shelving scheme LOCAL
Tema principal Literatura
Edition 1
Existencias
Suprimido Perdido Sistema de clasificación Dañado No prestable Tipo de ítem específico Ubicación habitual Ubicación actual Localización Fecha de creación Forma de adquisición Costo Volúmen / Fascículo Total préstamos Código de barras Última vez visto Fecha de último préstamo Ejemplar Price effective from Tipo de ítem Total Renewals
    LOCAL   Préstamo restringido DVD Procesos Técnicos (no para préstamo) Procesos Técnicos (no para préstamo) Procesos Técnicos 19/02/2013 Compra 44900.00 DVD 0120 2 100079912 04/12/2025 07/05/2012 Ej.1 03/02/2013 Multimedia  
    DEWEY     DVD Quinta de Mutis Quinta de Mutis Colección digital 19/02/2013 Donación 26000.00 DVD 0120 236 100080465 12/12/2025 26/01/2018 Ej.2 03/02/2013 Multimedia 21